Stardew Valley Animals - Statistics

General Stats
  • This quiz has been taken 175 times
  • The average score is 16 of 25
Answer Stats
Hint Answer % Correct
Pet Cat
100%
Pet Dog
100%
Barn Animal Pig
92%
Mount Horse
91%
Coop Animal Duck
89%
Coop Animal Brown Chicken
87%
Coop Animal White Chicken
87%
Coop Animal Rabbit
86%
Barn Animal Sheep
86%
Barn Animal Goat
84%
Barn Animal Brown Cow
83%
Barn Animal White Cow
83%
Coop Animal Dinosaur
81%
Coop Animal Blue Chicken
80%
Barn Animal Ostrich
75%
Coop Animal Void Chicken
73%
Pet Turtle
67%
Hutch Slime
66%
Coop Animal Golden Chicken
47%
Other Crow
23%
Other Junimo
19%
Other Butterfly
17%
Other Owl
13%
Other Seagull
6%
Other Firefly
4%
No matching quizzes found
Score Distribution
Percent of People with Each Score
Percentile by Number Answered
Your Score History
You have not taken this quiz